Portfólió

Elmentve itt :
Bibliográfiai részletek
Szerző: Takács Emese
További közreműködők: Asztalos Andrea (Témavezető)
Fehér Márta (Témavezető)
Dokumentumtípus: Szakdolgozat
Megjelent: 2019
Tárgyszavak:
Online Access:http://diploma.bibl.u-szeged.hu/90431
LEADER 00824nta a2200229 i 4500
001 dipl90431
005 20200612081051.0
008 200612s2019 hu om 0|| zxx d
040 |a SZTE Diploma Repozitórium  |b hun 
041 |a zxx 
100 1 |a Takács Emese 
245 1 0 |a Portfólió  |h [elektronikus dokumentum] /  |c Emese Takács 
246 1 0 |a Portfolio  |h [elektronikus dokumentum] 
260 |c 2019 
650 4 |a Pedagógusképzés 
650 4 |a Educational sciences 
650 4 |a Education, general (including training, pedagogy, didactics) 
650 4 |a Education: systems and institutions, teaching and learning 
650 4 |a School education 
700 0 1 |a Asztalos Andrea  |e ths 
700 0 1 |a Fehér Márta  |e ths 
856 4 0 |u https://diploma.bibl.u-szeged.hu/id/eprint/90431/1/2019_takacs_emese_portfolio.pdf  |z Dokumentum-elérés